| 000 | 01338cam a2200325 i 4500 | ||
|---|---|---|---|
| 001 | 200463293 | ||
| 003 | TR-AnTOB | ||
| 005 | 20250113135351.0 | ||
| 007 | ta | ||
| 008 | 231214s2023 tu 001 0 tur d | ||
| 020 | _a9789753688482 | ||
| 040 |
_aIU _beng _erda _cIU _dTR-AnTOB |
||
| 041 | 0 | _atur | |
| 050 | 1 | _aKKX1888 | |
| 090 |
_aKKX1888 _b.B83k 2023 |
||
| 100 | 1 |
_aBudak, Ali Cem _eauthor _938327 |
|
| 245 | 1 | 0 |
_aKarşılaştırmalı icra ve iflas kanunu / _cProf. Dr. Ali Cem Budak. |
| 250 | _a13. bası | ||
| 264 | 1 |
_aİstanbul : _bFiliz Kitabevi, _c2023. |
|
| 300 |
_axxix, 563 pages ; _c19 cm |
||
| 336 |
_atext _btxt _2rdacontent |
||
| 337 |
_aunmediated _bn _2rdamedia |
||
| 338 |
_avolume _bnc _2rdacarrier |
||
| 500 | _a7343, 7418 ve 7445 sayılı Kanun Değişiklikleri (Kanun Gerekçeleri Değişiklikten Önceki Kanun Metinleri) Açıklayıcı Notlar • Abonelik Sözleşmesinden Kaynaklanan Para Alacaklarına İlişkin Takibin Başlatılması Usulü Hakkında Kanun--Çocuk Koruma Kanununun "Çocuğun Teslimi ve Çocukla Kişisel İlişki Kurulması" Hakkındaki Hükümleri-- İlgili Tüzük ve Yönetmelikler--Kavram Dizini | ||
| 504 | _aBIBINDX | ||
| 650 | 0 | 0 |
_aİcra-iflas hukuku _zTürkiye _9115811 |
| 650 | 0 | 0 |
_aKarşılaştırmalı hukuk _981605 |
| 942 |
_2lcc _cBK |
||
| 999 |
_c200463293 _d81505 |
||